| 000 | 00588nam a2200193Ia 4500 | ||
|---|---|---|---|
| 008 | 220216s9999 xx 000 0 und d | ||
| 100 |
_aRomagosa _I |
||
| 245 | 0 | _aUse of the additive main effects and multiplicative interaction model in QTL mapping for adaptation in barley | |
| 260 |
_bTheoretical and Applied Genetics _c1996 |
||
| 300 | _a30-37 | ||
| 650 | _aGenotype x environment interaction | ||
| 650 | _aHordeum vulgare | ||
| 650 | _aMolecular marker-assisted selection | ||
| 650 | _aQTL | ||
| 700 | _aHan F | ||
| 700 | _aHayes P M | ||
| 700 | _aUllrich S E | ||
| 942 | _cJS | ||
| 999 |
_c71972 _d71972 |
||